000 00697nam a2200241Ia 4500
003 OSt
005 20220926043136.0
006 a|||||r|||| 00| 0
007 ta
008 220923b |||||||| |||| 00| 0 eng d
037 _cGeneral Book
040 _aRTL
_cRTL
_beng
041 _2eng
_aeng
082 _aYz7, K1
100 _aLoomis Charles P
_9131167
245 0 _aModern social theories
_b Selected American writers
260 _c1961
490 _aVen Nostrand Series in Sociology ed by Willbert E Moore
650 _aEssays Sociology
700 _a Loomis Zona K
_9131168
942 _hYz7, K1
_cGB
_2CC
999 _c671551
_d671551